[Event "II Abierto Veraniego San Sebas"]
[Site "San Sebastián de los Reyes (M"]
[Date "2008.06.17"]
[Round "4.5"]
[White "Camarero Izquierdo, Juan Carlos"]
[Black "Pareja Alvarez, Diego"]
[Result "1-0"]
[WhiteElo "1959"]
[BlackElo "1862"]
[PlyCount "65"]
[EventDate "2008.06.14"]

1. e4 c6 2. d4 d5 3. e5 Bf5 4. g4 Bg6 5. h4 h6 6. h5 Bh7 7. e6 fxe6 8. Bd3 Qd6
9. Bxh7 Rxh7 10. Qd3 Nf6 11. Qg6+ Kd8 12. f4 Rh8 13. Nf3 Nfd7 14. Ne5 Nxe5 15.
fxe5 Qd7 16. Nc3 Na6 17. Be3 Rc8 18. O-O-O c5 19. dxc5 Nxc5 20. Rhf1 b6 21. Rf7
Kc7 22. Bxc5 bxc5 23. Qd3 c4 24. Qd4 Kb8 25. Rdf1 Rg8 26. Ne4 Qa4 27. Nc3 Qd7
28. R1f3 g6 29. hxg6 Bg7 30. Ne4 Qc7 31. Nf6 Bxf6 32. exf6 Rcf8 33. Rxf8+ 1-0

[Event "II Abierto Veraniego San Sebas"]
[Site "San Sebastián de los Reyes (M"]
[Date "2008.06.17"]
[Round "4.7"]
[White "Martin-Consuegra Barrilero, Javie"]
[Black "Martinez Miura, Enrique"]
[Result "1-0"]
[WhiteElo "1867"]
[BlackElo "1761"]
[PlyCount "95"]
[EventDate "2008.06.14"]

1. d4 e6 2. a3 d5 3. Nf3 h6 4. Bf4 Nf6 5. e3 Be7 6. c4 c6 7. Nc3 O-O 8. h3 Nbd7
9. Qc2 a5 10. Be2 b6 11. O-O Bb7 12. b3 Rc8 13. Rfd1 Re8 14. Qb2 Bf8 15. b4 Ra8
16. c5 b5 17. a4 axb4 18. Qxb4 Qa5 19. Qxa5 Rxa5 20. axb5 Rea8 21. Rxa5 Rxa5
22. bxc6 Bxc6 23. Ne5 Nxe5 24. Bxe5 Nd7 25. Bg3 g6 26. Rb1 Bg7 27. Bb5 Bxb5 28.
Nxb5 Ra6 29. Nc7 Rc6 30. Rb7 Nxc5 31. dxc5 Rxc5 32. Ne8 Rc1+ 33. Kh2 Rc8 34.
Nxg7 Kxg7 35. Be5+ Kg8 36. Rb8 Rxb8 37. Bxb8 f6 38. Kg3 Kf7 39. Kf3 e5 40. Ke2
Ke6 41. Kd3 f5 42. f4 exf4 43. exf4 g5 44. Kd4 gxf4 45. Bxf4 h5 46. h4 Kf6 47.
Kxd5 Kf7 48. Ke5 1-0

[Event "II Abierto Veraniego San Sebas"]
[Site "San Sebastián de los Reyes (M"]
[Date "2008.06.17"]
[Round "4.8"]
[White "Negredo Bahamonde, Miguel A"]
[Black "Cavalle Pulla, Daniel"]
[Result "0-1"]
[WhiteElo "1575"]
[BlackElo "1739"]
[PlyCount "52"]
[EventDate "2008.06.14"]

1. e4 c5 2. Nf3 d6 3. g3 Nc6 4. Bg2 Nf6 5. d3 g6 6. O-O Bg7 7. c3 O-O 8. Nbd2
Rb8 9. Re1 b5 10. Nf1 b4 11. d4 bxc3 12. bxc3 cxd4 13. cxd4 Bg4 14. h3 Bxf3 15.
Bxf3 Nxd4 16. Qxd4 Nd7 17. e5 Nxe5 18. Qe4 Nxf3+ 19. Qxf3 Bxa1 20. Bh6 Bg7 21.
Bxg7 Kxg7 22. Ne3 Qa5 23. Rf1 Qxa2 24. Nd5 Qb3 25. Qxb3 Rxb3 26. Ra1 Rb7 0-1

[Event "II Abierto Veraniego San Sebas"]
[Site "San Sebastián de los Reyes (M"]
[Date "2008.06.17"]
[Round "4.9"]
[White "Diaz Begonte, Manuel"]
[Black "Perez Alvarez, Javier"]
[Result "1/2-1/2"]
[WhiteElo "1875"]
[BlackElo "1727"]
[PlyCount "96"]
[EventDate "2008.06.14"]

1. e4 c5 2. d4 cxd4 3. c3 dxc3 4. Nxc3 Nc6 5. Nf3 e6 6. Bc4 Qc7 7. Qe2 Nf6 8.
h3 d6 9. O-O a6 10. Bg5 Be7 11. Rac1 h6 12. Bf4 O-O 13. e5 dxe5 14. Bxe5 Nxe5
15. Nxe5 Bd6 16. f4 Bxe5 17. fxe5 Nd7 18. Bb3 Qxe5 19. Qf3 Nc5 20. Bc2 Bd7 21.
Rce1 Qd4+ 22. Kh1 Bc6 23. Qg3 Qd2 24. Re2 Qd8 25. b4 Nd7 26. Rd2 Qe7 27. Qd3 g6
28. Qe3 Qg5 29. Qf2 Rad8 30. Rfd1 Ne5 31. Rxd8 Rxd8 32. Rxd8+ Qxd8 33. Be4 Bxe4
34. Nxe4 f5 35. Nc5 Qd5 36. Qe3 Kg7 37. Qc3 Kf6 38. a3 g5 39. Kh2 Kg6 40. Nxb7
Nd3 41. Nc5 Nxc5 42. bxc5 Qc6 43. Qb4 Qc7+ 44. Kh1 Qc6 45. Qb6 Qe4 46. Qd6 Qe1+
47. Kh2 f4 48. c6 Qg3+ 1/2-1/2

[Event "II Abierto Veraniego San Sebas"]
[Site "San Sebastián de los Reyes (M"]
[Date "2008.06.17"]
[Round "4.10"]
[White "Corisco Beltran, Rafael"]
[Black "Pardo Vaquero, Ignacio"]
[Result "1-0"]
[WhiteElo "1791"]
[BlackElo "1666"]
[PlyCount "93"]
[EventDate "2008.06.14"]

1. e4 c5 2. Nf3 Nc6 3. d4 cxd4 4. Nxd4 g6 5. Nc3 Nf6 6. Be3 Bg7 7. Bc4 O-O 8.
Bb3 d6 9. f3 Bd7 10. Qd2 Nxd4 11. Bxd4 Bc6 12. O-O-O a5 13. h4 b5 14. h5 Nxh5
15. Bxg7 Kxg7 16. g4 e6 17. gxh5 Rh8 18. Qd4+ e5 19. h6+ Kf8 20. Qxd6+ Qxd6 21.
Rxd6 Rc8 22. Rhd1 Ke7 23. R6d2 f6 24. Nd5+ Bxd5 25. Rxd5 Rhd8 26. Rxd8 Rxd8 27.
Rxd8 Kxd8 28. Kd2 Ke7 29. a4 b4 30. Kd3 f5 31. Bg8 Kf6 32. Bxh7 Kg5 33. exf5
gxf5 34. Bxf5 Kxh6 35. Ke4 Kg5 36. Kxe5 Kh4 37. f4 Kg3 38. Bh3 Kf3 39. f5 Ke2
40. f6 Kd2 41. Bf5 b3 42. cxb3 Kc1 43. f7 Kxb2 44. f8=Q Kxb3 45. Bc2+ Kb2 46.
Qf3 Ka1 47. Qa3# 1-0

[Event "II Abierto Veraniego San Sebas"]
[Site "San Sebastián de los Reyes (M"]
[Date "2008.06.18"]
[Round "5.1"]
[White "Adan Bermudez, Sergio"]
[Black "Cruz Condori, Alfredo"]
[Result "1/2-1/2"]
[WhiteElo "2137"]
[BlackElo "2160"]
[PlyCount "51"]
[EventDate "2008.06.14"]

1. c4 e6 2. Nf3 d5 3. b3 c5 4. cxd5 exd5 5. d4 Nc6 6. Bb2 Nf6 7. Nbd2 Bg4 8. g3
Bxf3 9. Nxf3 cxd4 10. Bg2 Bb4+ 11. Kf1 Bc3 12. Bxc3 dxc3 13. Qd3 Ne4 14. Nd4
O-O 15. Nxc6 Qf6 16. Bxe4 dxe4 17. Qxe4 bxc6 18. Kg2 Rad8 19. Rhd1 Rd2 20. Rxd2
cxd2 21. Rd1 Qb2 22. Qd3 Qxa2 23. Rxd2 Qa5 24. Rc2 Qb6 25. Qc4 h6 26. b4
1/2-1/2

[Event "II Abierto Veraniego San Sebas"]
[Site "San Sebastián de los Reyes (M"]
[Date "2008.06.18"]
[Round "5.2"]
[White "Martin-Consuegra Barrilero, Javie"]
[Black "Camarero Izquierdo, Juan Carlos"]
[Result "1-0"]
[WhiteElo "1867"]
[BlackElo "1959"]
[PlyCount "69"]
[EventDate "2008.06.14"]

1. d4 Nf6 2. Bg5 c6 3. Bxf6 exf6 4. e3 d5 5. g3 Qb6 6. b3 Bd6 7. Ne2 Bg4 8. Bg2
Nd7 9. O-O h5 10. Nd2 h4 11. f3 Be6 12. c4 dxc4 13. Nxc4 Bxc4 14. bxc4 Qc7 15.
f4 f5 16. Qd3 g6 17. e4 fxe4 18. Qxe4+ Be7 19. Rfd1 Nf6 20. Qe5 Qd7 21. d5 Rd8
22. d6 O-O 23. Qxe7 Qg4 24. Qxf6 Qxe2 25. Qd4 hxg3 26. hxg3 Qg4 27. Kf2 c5 28.
Qxc5 Rc8 29. Qd4 b6 30. Bf3 Qf5 31. Be4 Qg4 32. Rh1 f6 33. Rh4 Qd7 34. Rah1 Qa4
35. Bd5+ 1-0

[Event "II Abierto Veraniego San Sebas"]
[Site "San Sebastián de los Reyes (M"]
[Date "2008.06.18"]
[Round "5.3"]
[White "Galan Aguado, Fernando"]
[Black "Vazquez Torres, Adrian"]
[Result "0-1"]
[WhiteElo "1888"]
[BlackElo "1983"]
[PlyCount "62"]
[EventDate "2008.06.14"]

1. d4 d5 2. Nf3 Nf6 3. e3 e6 4. Bd3 Be7 5. O-O O-O 6. Nbd2 Nbd7 7. b3 c5 8. Bb2
b6 9. Ne5 Bb7 10. f4 Ne4 11. Rf3 cxd4 12. exd4 Bb4 13. Nf1 f6 14. Nxd7 Qxd7 15.
a3 Bd6 16. Qe2 Qc7 17. g3 e5 18. dxe5 fxe5 19. fxe5 Bxe5 20. Bxe5 Qxe5 21. Re1
Rxf3 22. Qxf3 Rf8 23. Qe3 d4 24. Qe2 Nf2 25. h4 Qf6 26. Bc4+ Kh8 27. Nd2 Qc6
28. Nf3 Ng4 29. Rf1 Ne3 30. Bb5 Qe4 31. Bd3 Qg4 0-1

[Event "II Abierto Veraniego San Sebas"]
[Site "San Sebastián de los Reyes (M"]
[Date "2008.06.18"]
[Round "5.5"]
[White "Pareja Alvarez, Diego"]
[Black "Ortega Morales, Pedro"]
[Result "1-0"]
[WhiteElo "1862"]
[BlackElo "1929"]
[PlyCount "73"]
[EventDate "2008.06.14"]

1. e4 e5 2. Nf3 Nc6 3. d4 exd4 4. Bc4 Nf6 5. Ng5 d5 6. exd5 Qe7+ 7. Kf1 Ne5 8.
Qxd4 Nxc4 9. Qxc4 h6 10. Nf3 Bd7 11. Bf4 Rc8 12. Nc3 Qb4 13. Re1+ Kd8 14. Ne5
Qxc4+ 15. Nxc4 Bb4 16. Ne5 Be8 17. Rd1 Bxc3 18. bxc3 Ne4 19. c4 f6 20. Nf3 g5
21. Be3 Bh5 22. Rd3 Bg6 23. Rb3 b6 24. Nd4 Kd7 25. Nc6 a5 26. Ke1 Rhe8 27. Kd1
Nd6 28. c5 bxc5 29. Bxc5 Be4 30. Nxa5 Bxg2 31. Rg1 Bxd5 32. Rd3 Bxa2 33. Nb7
Re6 34. Re1 Rce8 35. Rxe6 Rxe6 36. Bxd6 Kc6 37. Nd8+ 1-0

[Event "II Abierto Veraniego San Sebas"]
[Site "San Sebastián de los Reyes (M"]
[Date "2008.06.18"]
[Round "5.7"]
[White "Martinez Miura, Enrique"]
[Black "Cortijo Manso, Luis"]
[Result "1/2-1/2"]
[WhiteElo "1761"]
[BlackElo "1701"]
[PlyCount "47"]
[EventDate "2008.06.14"]

1. e4 c5 2. c4 Nc6 3. Nc3 d6 4. g3 Nf6 5. Bg2 e6 6. Nge2 Be7 7. O-O a6 8. d3 e5
9. a4 O-O 10. Bg5 Bg4 11. f3 Bd7 12. Bxf6 Bxf6 13. Nd5 Bg5 14. f4 exf4 15.
Nexf4 Nb4 16. Nxb4 cxb4 17. Nd5 a5 18. h4 Be7 19. Nxe7+ Qxe7 20. b3 Qe5 21. Kh2
Qd4 22. Ra2 Rab8 23. Raf2 b6 24. Bh3 1/2-1/2

[Event "II Abierto Veraniego San Sebas"]
[Site "San Sebastián de los Reyes (M"]
[Date "2008.06.18"]
[Round "5.8"]
[White "Perez Alvarez, Javier"]
[Black "Negredo Bahamonde, Miguel A"]
[Result "0-1"]
[WhiteElo "1727"]
[BlackElo "1575"]
[PlyCount "56"]
[EventDate "2008.06.14"]

1. e4 c5 2. Nf3 d6 3. d4 cxd4 4. Nxd4 Nf6 5. Nc3 a6 6. Bg5 e6 7. Be2 Be7 8. Be3
Nbd7 9. O-O O-O 10. f4 e5 11. Nf5 exf4 12. Nxe7+ Qxe7 13. Bxf4 Ne5 14. Bg5 Be6
15. Bxf6 gxf6 16. Qd2 Kg7 17. Rad1 Rad8 18. Rf4 Ng6 19. Rf3 Rg8 20. Rd3 Bc4 21.
Rxd6 Bxe2 22. Rxd8 Bxd1 23. Rxg8+ Kxg8 24. Qxd1 Qb4 25. Qc1 Qd4+ 26. Kh1 Qf2
27. g3 Ne5 28. Qd1 Nf3 0-1

[Event "II Abierto Veraniego San Sebas"]
[Site "San Sebastián de los Reyes (M"]
[Date "2008.06.19"]
[Round "6.1"]
[White "Castejon Caballero, Andres"]
[Black "Adan Bermudez, Sergio"]
[Result "0-1"]
[WhiteElo "2029"]
[BlackElo "2137"]
[PlyCount "46"]
[EventDate "2008.06.14"]

1. e4 c5 2. Nf3 b6 3. Bc4 Bb7 4. Nc3 Nc6 5. d4 cxd4 6. Nxd4 g6 7. Nxc6 dxc6 8.
Qf3 e6 9. Bf4 Qd4 10. O-O Qxc4 11. Be5 f6 12. Bxf6 Nxf6 13. Qxf6 Rg8 14. Nd5
Rg7 15. Qxe6+ Kd8 16. Qf6+ Kd7 17. Nf4 Re8 18. Rad1+ Kc7 19. Rd8 Rf7 20. Rfd1
Rxe4 21. b3 Re1+ 22. Rxe1 Rxf6 23. Red1 Qf7 0-1

[Event "II Abierto Veraniego San Sebas"]
[Site "San Sebastián de los Reyes (M"]
[Date "2008.06.19"]
[Round "6.2"]
[White "Suarez Uriel, Adrian"]
[Black "Martin-Consuegra Barrilero, Javie"]
[Result "1-0"]
[WhiteElo "1981"]
[BlackElo "1867"]
[PlyCount "73"]
[EventDate "2008.06.14"]

1. e4 d5 2. exd5 Qxd5 3. Nc3 Qa5 4. d4 c6 5. Bc4 Nf6 6. h3 Bf5 7. Nf3 e6 8. O-O
Bb4 9. Ne2 O-O 10. Bf4 Nbd7 11. c3 Be7 12. Ng3 Bg6 13. Qe2 Nd5 14. Bd2 Qc7 15.
Bb3 Rfe8 16. Rfe1 Bd6 17. Ne4 Bf4 18. Bxf4 Nxf4 19. Qd2 Nh5 20. Ne5 Bxe4 21.
Rxe4 Rad8 22. Qg5 g6 23. Nxd7 Rxd7 24. Rh4 f6 25. Qh6 Rg7 26. Bd1 Qb6 27. b4
Qb5 28. Bxh5 gxh5 29. Rxh5 Qe2 30. Rh4 f5 31. Rh5 Kf7 32. Rg5 Reg8 33. Rxg7+
Rxg7 34. Qf4 Qb2 35. Re1 Qxc3 36. Qc7+ Kg6 37. Rxe6+ 1-0

[Event "II Abierto Veraniego San Sebas"]
[Site "San Sebastián de los Reyes (M"]
[Date "2008.06.19"]
[Round "6.3"]
[White "Cruz Condori, Alfredo"]
[Black "Cavalle Pulla, Daniel"]
[Result "1-0"]
[WhiteElo "2160"]
[BlackElo "1739"]
[PlyCount "115"]
[EventDate "2008.06.14"]

1. d4 Nf6 2. Nc3 d5 3. Bg5 e6 4. e4 h6 5. Bxf6 gxf6 6. exd5 exd5 7. Qf3 c6 8.
Bd3 Rg8 9. O-O-O Qd6 10. Nge2 Bg4 11. Qg3 Nd7 12. f3 Qxg3 13. hxg3 Be6 14. g4
b5 15. Ng3 O-O-O 16. Nf5 Bxf5 17. Bxf5 Kc7 18. a4 b4 19. Ne2 Bd6 20. Rxh6 Rde8
21. Kd2 Re7 22. Bxd7 Kxd7 23. Rxf6 Rge8 24. Nf4 Bxf4+ 25. Rxf4 Re2+ 26. Kc1
R8e7 27. Kb1 Rxg2 28. b3 Rh2 29. Rf6 Rg2 30. a5 a6 31. Rh1 Rd2 32. Kb2 Ree2 33.
Rc1 Re7 34. Rf4 Rg2 35. Kb1 Rd2 36. g5 Rg2 37. Rg4 Rd2 38. Kb2 Ree2 39. Kb1 Rf2
40. Rf4 Rg2 41. Rxf7+ Kd6 42. Rf6+ Kd7 43. f4 Rxd4 44. Rh1 Re2 45. Rh7+ Re7 46.
Rxe7+ Kxe7 47. Rxc6 Rxf4 48. Rxa6 Rg4 49. g6 Kd7 50. Rf6 Ke7 51. Rb6 Kd7 52. a6
Kc7 53. Rb7+ Kc8 54. g7 d4 55. Rf7 d3 56. a7 dxc2+ 57. Kxc2 Rg2+ 58. Kd3 1-0

[Event "II Abierto Veraniego San Sebas"]
[Site "San Sebastián de los Reyes (M"]
[Date "2008.06.19"]
[Round "6.4"]
[White "Camarero Izquierdo, Juan Carlos"]
[Black "Montero Garcia, Francisco Javie"]
[Result "1-0"]
[WhiteElo "1959"]
[BlackElo "1902"]
[PlyCount "64"]
[EventDate "2008.06.14"]

1. e4 c5 2. Nf3 e6 3. d4 cxd4 4. Nxd4 Nf6 5. Bd3 Nc6 6. Nxc6 bxc6 7. O-O d5 8.
e5 Nd7 9. Re1 Qc7 10. f4 Ba6 11. Bxa6 Qb6+ 12. Kh1 Qxa6 13. f5 c5 14. Nc3 Rb8
15. fxe6 fxe6 16. a4 Be7 17. Qh5+ g6 18. Qh6 Bf8 19. Qh3 Bg7 20. Bh6 O-O 21.
Bxg7 Kxg7 22. Nxd5 Rf5 23. Nc7 Qc6 24. Nb5 a6 25. Na3 Rxb2 26. Qc3 Rb4 27. Nc4
Qd5 28. Ne3 Qe4 29. Nxf5+ Qxf5 30. Rad1 Nf8 31. Rf1 Qe4 32. Qxc5 Rb8 1-0

[Event "II Abierto Veraniego San Sebas"]
[Site "San Sebastián de los Reyes (M"]
[Date "2008.06.19"]
[Round "6.5"]
[White "Diaz Begonte, Manuel"]
[Black "Pareja Alvarez, Diego"]
[Result "0-1"]
[WhiteElo "1875"]
[BlackElo "1862"]
[PlyCount "82"]
[EventDate "2008.06.14"]

1. e4 e5 2. d4 exd4 3. f4 Nc6 4. Nf3 Bb4+ 5. Nbd2 Nf6 6. Bd3 d5 7. e5 Ng4 8. a3
Ba5 9. b4 Bb6 10. Qe2 O-O 11. h3 Nh6 12. g4 f6 13. O-O fxe5 14. Nxe5 Nxe5 15.
Qxe5 Nf7 16. Qe1 Re8 17. Qg3 Nd6 18. Nf3 Ne4 19. Qg2 Be6 20. f5 Bf7 21. Bf4 c6
22. Be5 Rc8 23. Rae1 Bc7 24. Bxe4 Bxe5 25. Bd3 Bf4 26. g5 Be3+ 27. Kh1 Bh5 28.
h4 Kh8 29. Nh2 b6 30. Ng4 Bxg4 31. Qxg4 Rf8 32. f6 Rc7 33. Qf5 gxf6 34. gxf6
Rcf7 35. Qh5 Qd7 36. Bf5 Qc7 37. Bd3 Rxf6 38. Rxf6 Rxf6 39. Qe8+ Kg7 40. Re2
Rf1+ 41. Kg2 Rg1+ 0-1

[Event "II Abierto Veraniego San Sebas"]
[Site "San Sebastián de los Reyes (M"]
[Date "2008.06.19"]
[Round "6.6"]
[White "Ortega Morales, Pedro"]
[Black "Corisco Beltran, Rafael"]
[Result "1/2-1/2"]
[WhiteElo "1929"]
[BlackElo "1791"]
[PlyCount "66"]
[EventDate "2008.06.14"]

1. d4 Nf6 2. Bf4 g6 3. e3 Bg7 4. Nf3 O-O 5. Be2 d6 6. h3 b6 7. O-O Bb7 8. Nc3
c5 9. d5 a6 10. a4 Re8 11. Re1 h6 12. e4 e6 13. dxe6 Rxe6 14. Bc4 Re8 15. Qxd6
Qxd6 16. Bxd6 Nxe4 17. Nxe4 Rxe4 18. Bd3 Rxe1+ 19. Rxe1 Nc6 20. Nd2 Bxb2 21.
Nc4 Bc3 22. Rb1 b5 23. axb5 axb5 24. Rxb5 Ba6 25. Rxc5 Nb4 26. Rc7 Nxd3 27.
cxd3 Rd8 28. Rc6 Bb5 29. Rb6 Ba4 30. Rb8 Rxb8 31. Bxb8 Bc2 32. Be5 Bxd3 33.
Bxc3 Bxc4 1/2-1/2

[Event "II Abierto Veraniego San Sebas"]
[Site "San Sebastián de los Reyes (M"]
[Date "2008.06.19"]
[Round "6.7"]
[White "Madurga Lopez, Ignacio"]
[Black "Galan Aguado, Fernando"]
[Result "1-0"]
[WhiteElo "1644"]
[BlackElo "1888"]
[PlyCount "83"]
[EventDate "2008.06.14"]

1. e4 e6 2. d4 d5 3. e5 c5 4. c3 Nc6 5. Nf3 Qb6 6. a3 a5 7. Bd3 Bd7 8. O-O cxd4
9. cxd4 Nxd4 10. Nxd4 Qxd4 11. Nc3 Qb6 12. a4 Bc5 13. Qg4 g6 14. Nb5 h5 15. Qf4
Ne7 16. Be3 Bxb5 17. Qf6 Rh7 18. Bxb5+ Nc6 19. Bxc5 Qxc5 20. Rac1 Qb6 21. Rc3
Rc8 22. Rfc1 Kd7 23. h3 Qd4 24. b3 Qe4 25. Bd3 Qb4 26. Bb5 Qe4 27. Bd3 Qd4 28.
Bb5 Qd2 29. R3c2 Qh6 30. Kf1 g5 31. Bxc6+ Rxc6 32. Rxc6 bxc6 33. Qf3 Qf8 34.
Qc3 Qa8 35. Qc5 Kc7 36. b4 axb4 37. Qd6+ Kb6 38. Qxb4+ Ka6 39. Rc5 Qd8 40.
Rxc6+ Ka7 41. Qc5+ Kb7 42. Qb5+ 1-0

[Event "II Abierto Veraniego San Sebas"]
[Site "San Sebastián de los Reyes (M"]
[Date "2008.06.19"]
[Round "6.9"]
[White "Rodenas Riesco, Alfonso"]
[Black "Martinez Miura, Enrique"]
[Result "0-1"]
[WhiteElo "1688"]
[BlackElo "1761"]
[PlyCount "82"]
[EventDate "2008.06.14"]

1. d4 e6 2. a3 d5 3. Nf3 c5 4. c4 Nc6 5. Bf4 Nf6 6. e3 h6 7. h3 a5 8. Be2 cxd4
9. Nxd4 Bd6 10. Bxd6 Qxd6 11. O-O Nxd4 12. exd4 O-O 13. Nc3 Bd7 14. c5 Qe7 15.
Qb3 Bc6 16. Bb5 Qd7 17. Bxc6 bxc6 18. Qc2 Qb7 19. Rfe1 Nd7 20. Rab1 Qc7 21. Ne2
Rfb8 22. Ng3 Rb5 23. b4 axb4 24. axb4 Rab8 25. Qd2 Qb7 26. Rec1 Rxb4 27. Rxb4
Qxb4 28. Qe3 Ra8 29. Rc3 Ra1+ 30. Kh2 Nf6 31. Rb3 Qa4 32. Qd3 g6 33. Ne2 Kg7
34. f4 Re1 35. Ng1 Qa1 36. Nf3 Rh1+ 37. Kg3 Ne4+ 38. Kh4 Qa2 39. g3 Qg2 40. Nh2
Qxh2 41. g4 Qxf4 0-1

[Event "II Abierto Veraniego San Sebas"]
[Site "San Sebastián de los Reyes (M"]
[Date "2008.06.19"]
[Round "6.10"]
[White "Cortijo Manso, Luis"]
[Black "Perez Alvarez, Javier"]
[Result "1/2-1/2"]
[WhiteElo "1701"]
[BlackElo "1727"]
[PlyCount "104"]
[EventDate "2008.06.14"]

1. e4 c5 2. Nf3 e6 3. d4 cxd4 4. Nxd4 Nc6 5. a3 Nf6 6. Nc3 d5 7. Bb5 Bd7 8.
Nxc6 bxc6 9. Bd3 d4 10. Ne2 e5 11. c3 c5 12. O-O Bd6 13. cxd4 cxd4 14. f4 O-O
15. fxe5 Bxe5 16. Bf4 Re8 17. Bxe5 Rxe5 18. Ng3 Qb6 19. b4 a5 20. Qd2 Bb5 21.
bxa5 Qxa5 22. Qd1 Bxd3 23. Qxd3 Qc3 24. Rfd1 Qxd3 25. Rxd3 Nxe4 26. Re1 Rae8
27. Rxd4 f5 28. Nxe4 fxe4 29. Re3 Rc5 {(=)} 30. Rdxe4 Rxe4 31. Rxe4 Rc3 32. a4
Ra3 33. h4 Kf7 34. Kf2 Kf6 35. Rb4 h5 36. g4 hxg4 37. Rxg4 Kf5 38. Rg5+ Kf6 39.
a5 g6 40. Rb5 Kg7 41. h5 gxh5 42. Rxh5 Kf7 43. Ke2 Ke7 44. Kd2 Kd7 45. Kc2 Kc7
46. Kb2 Ra4 47. Kb3 Ra1 48. Kb4 Kb7 49. Rh6 Rb1+ 50. Kc5 Rc1+ 51. Kb4 Rb1+ 52.
Kc3 Rc1+ 1/2-1/2

[Event "II Abierto Veraniego San Sebas"]
[Site "San Sebastián de los Reyes (M"]
[Date "2008.06.20"]
[Round "7.1"]
[White "Adan Bermudez, Sergio"]
[Black "Suarez Uriel, Adrian"]
[Result "0-1"]
[WhiteElo "2137"]
[BlackElo "1981"]
[PlyCount "108"]
[EventDate "2008.06.14"]

1. c4 e5 2. g3 Nc6 3. Bg2 d6 4. Nc3 g6 5. d3 Bg7 6. Rb1 Nge7 7. b4 O-O 8. e3 f5
9. b5 Nb8 10. Nge2 Nd7 11. O-O Kh8 12. a4 c6 13. Ba3 Nf6 14. d4 e4 15. a5 Be6
16. Qa4 Rc8 17. bxc6 bxc6 18. Rb7 Rc7 19. Rfb1 Bc8 20. Rb8 Qd7 21. a6 Qe6 22.
d5 cxd5 23. cxd5 Nfxd5 24. Nb5 Rc6 25. Ned4 Qd7 26. Nxc6 Nxc6 27. Ra8 Nb6 28.
Qc2 Nxa8 29. Nxd6 Bxa6 30. Qa4 Nc7 31. Rc1 Rb8 32. Qxc6 Qxc6 33. Rxc6 Rb1+ 34.
Rc1 Rxc1+ 35. Bxc1 Bd3 36. Bd2 Nd5 37. f3 exf3 38. Bxf3 Bc3 39. Bc1 Nf6 40. Bc6
Ne4 41. Nb5 Bxb5 42. Bxb5 a5 43. Bc6 Nc5 44. Ba3 Bb4 45. Bb2+ Kg8 46. Bd5+ Kf8
47. Bd4 Ne4 48. Bb3 Ke7 49. Kg2 Kd6 50. Bg8 a4 51. Bxh7 a3 52. Bg8 Bc5 53. Kf3
Bxd4 54. exd4 Ng5+ 0-1

[Event "II Abierto Veraniego San Sebas"]
[Site "San Sebastián de los Reyes (M"]
[Date "2008.06.20"]
[Round "7.2"]
[White "Vazquez Torres, Adrian"]
[Black "Cruz Condori, Alfredo"]
[Result "1/2-1/2"]
[WhiteElo "1983"]
[BlackElo "2160"]
[PlyCount "79"]
[EventDate "2008.06.14"]

1. e4 c5 2. Nf3 d6 3. d4 cxd4 4. Nxd4 a6 5. Nc3 Nf6 6. Bc4 e6 7. Bb3 Be7 8. O-O
Nc6 9. Be3 Qc7 10. Qf3 h5 11. h3 Bd7 12. Rad1 Ne5 13. Qe2 b5 14. f4 Nc4 15. f5
Nxe3 16. Qxe3 e5 17. Qg3 exd4 18. Qxg7 O-O-O 19. Nd5 Nxd5 20. Bxd5 Rdg8 21.
Qxf7 Bg5 22. Bb3 Kb8 23. Rf3 Rf8 24. Qg6 Bf6 25. Qg3 Bc6 26. Qe1 Re8 27. Be6 d5
28. exd5 Bxd5 29. Ra3 Rhg8 30. Rd2 Qb6 31. Rg3 Rgf8 32. Rg6 Bxe6 33. Rxf6 Qc5
34. Rxf8 Rxf8 35. Qg3+ Ka8 36. fxe6 d3+ 37. Kh2 dxc2 38. e7 Qxe7 39. Rxc2 h4
40. Qd3 1/2-1/2

[Event "II Abierto Veraniego San Sebas"]
[Site "San Sebastián de los Reyes (M"]
[Date "2008.06.20"]
[Round "7.3"]
[White "Pareja Alvarez, Diego"]
[Black "Castejon Caballero, Andres"]
[Result "1/2-1/2"]
[WhiteElo "1862"]
[BlackElo "2029"]
[PlyCount "80"]
[EventDate "2008.06.14"]

1. e4 c5 2. Nf3 Nc6 3. d4 cxd4 4. Nxd4 Nf6 5. Nc3 e5 6. Ndb5 d6 7. Bg5 a6 8.
Na3 b5 9. Nd5 Be7 10. Bxf6 Bxf6 11. c4 b4 12. Nc2 a5 13. Be2 O-O 14. O-O Bg5
15. Bg4 f5 16. exf5 Bxf5 17. Bxf5 Rxf5 18. Qd3 Rf7 19. Rad1 Rc8 20. b3 g6 21.
Qe4 Bh6 22. Rd3 Nb8 23. a3 bxa3 24. Nxa3 Na6 25. Rh3 Nc5 26. Qg4 Bf8 27. Nb5 a4
28. b4 Nb3 29. Qe6 Nd2 30. Rxh7 Bg7 31. Rxg7+ Kxg7 32. Nxd6 Rcc7 33. Nxc7 Rxc7
34. Ne8+ Kh7 35. Nxc7 Nxf1 36. Nd5 Nd2 37. Qa6 Nf3+ 38. gxf3 Qg5+ 39. Kh1 Qc1+
40. Kg2 Qg5+ 1/2-1/2

[Event "II Abierto Veraniego San Sebas"]
[Site "San Sebastián de los Reyes (M"]
[Date "2008.06.20"]
[Round "7.4"]
[White "Cavalle Pulla, Daniel"]
[Black "Camarero Izquierdo, Juan Carlos"]
[Result "1/2-1/2"]
[WhiteElo "1739"]
[BlackElo "1959"]
[PlyCount "69"]
[EventDate "2008.06.14"]

1. e4 c5 2. Nf3 d6 3. d4 cxd4 4. Nxd4 Nf6 5. Nc3 a6 6. Be3 e6 7. Be2 Nbd7 8.
Qd2 b5 9. Rd1 Bb7 10. f3 Rc8 11. Nb3 d5 12. exd5 Nxd5 13. Nxd5 Bxd5 14. O-O Bd6
15. Rc1 Qc7 16. f4 O-O 17. Rfd1 Nb6 18. Nd4 Na4 19. c4 bxc4 20. Bxc4 Bxc4 21.
b3 Nb6 22. bxc4 Qe7 23. Nxe6 Bb4 24. Qd4 fxe6 25. Qxb6 Rxf4 26. Rb1 Rfxc4 27.
Qxa6 h6 28. Bxh6 gxh6 29. Rxb4 Qc5+ 30. Kh1 Qxb4 31. Qxe6+ Kh8 32. Qf6+ Kg8 33.
Qe6+ Kh8 34. Qf6+ Kg8 35. Qe6+ 1/2-1/2

[Event "II Abierto Veraniego San Sebas"]
[Site "San Sebastián de los Reyes (M"]
[Date "2008.06.20"]
[Round "7.6"]
[White "Martinez Miura, Enrique"]
[Black "Ortega Morales, Pedro"]
[Result "0-1"]
[WhiteElo "1761"]
[BlackElo "1929"]
[PlyCount "78"]
[EventDate "2008.06.14"]

1. e4 e5 2. Nf3 Nc6 3. Bb5 Nf6 4. d3 Bc5 5. h3 a6 6. Bxc6 dxc6 7. O-O Qe7 8.
Qe2 O-O 9. Be3 Bd6 10. Nbd2 Re8 11. Nc4 c5 12. Nxd6 Qxd6 13. Nd2 Be6 14. f4 Re7
15. fxe5 Qxe5 16. c3 b6 17. d4 cxd4 18. cxd4 Qh5 19. Qxh5 Nxh5 20. g4 Ng3 21.
Rf3 Nxe4 22. Nxe4 Bd5 23. Nf6+ gxf6 24. Rg3 Kg7 25. b3 Rae8 26. Bf4 h6 27. h4
Kg6 28. g5 fxg5 29. hxg5 h5 30. Be5 c5 31. Rf1 cxd4 32. Rf6+ Kg7 33. Bxd4 Re1+
34. Rf1+ Kg6 35. Bxb6 Rxf1+ 36. Kxf1 h4 37. Rg1 h3 38. Bc7 Rc8 39. Bf4 Rc3 0-1

[Event "II Abierto Veraniego San Sebas"]
[Site "San Sebastián de los Reyes (M"]
[Date "2008.06.20"]
[Round "7.7"]
[White "Corisco Beltran, Rafael"]
[Black "Negredo Bahamonde, Miguel A"]
[Result "0-1"]
[WhiteElo "1791"]
[BlackElo "1575"]
[PlyCount "66"]
[EventDate "2008.06.14"]

1. Nf3 c5 2. c4 Nf6 3. g3 g6 4. Bg2 Bg7 5. O-O d6 6. Nc3 O-O 7. d4 Na6 8. Bf4
cxd4 9. Nxd4 e5 10. Bg5 exd4 11. Qxd4 h6 12. Bxf6 Qxf6 13. Qxf6 Bxf6 14. Nd5
Kg7 15. Rad1 Rd8 16. Rd2 Rb8 17. Rfd1 b6 18. b3 Bb7 19. Nxf6 Kxf6 20. Rxd6+
Rxd6 21. Rxd6+ Ke7 22. Bxb7 Rxb7 23. Rd4 f5 24. g4 Rd7 25. Rxd7+ Kxd7 26. gxf5
gxf5 27. Kg2 Ke6 28. Kf3 Ke5 29. e3 Nb4 30. a3 Nc2 31. a4 Na1 32. Ke2 Nxb3 33.
Kd3 Nc5+ 0-1